Stolice Europejskie - Statystyki

Ogólne statystyki
  • Ten quiz został rozwiązany 13 razy
    8 od ostatniego zresetowania
  • Średni wynik to 40 z 52
Statystyki odpowiedzi
Państwo Stolica % Poprawnych
Niderlandy Amsterdam
100%
Andora Andora
100%
Grecja Ateny
100%
Niemcy Berlin
100%
Irlandia Dublin
100%
Ukraina Kijów
100%
Portugalia Lizbona
100%
Anglia Londyn
100%
Luksemburg Luksemburg
100%
Hiszpania Madryt
100%
Monako Monako
100%
Rosja Moskwa
100%
Francja Paryż
100%
Czechy Praga
100%
Włochy Rzym
100%
San Marino San Marino
100%
Polska Warszawa
100%
Watykan Watykan
100%
Austria Wiedeń
100%
Turcja Ankara
86%
Słowacja Bratysława
86%
Węgry Budapeszt
86%
Rumunia Bukareszt
86%
Norwegia Oslo
86%
Łotwa Ryga
86%
Bułgaria Sofia
86%
Malta Valletta
86%
Szwajcaria Berno
71%
Finlandia Helsinki
71%
Dania Kopenhaga
71%
Białoruś Mińsk
71%
Bośnia i Hercegowina Sarajewo
71%
Szwecja Sztokholm
71%
Estonia Tallin
71%
Liechtenstein Vaduz
71%
Litwa Wilno
71%
Chorwacja Zagrzeb
71%
Serbia Belgrad
57%
Belgia Bruksela
57%
Szkocja Edynburg
57%
Mołdawia Kiszyniów
57%
Słowenia Lublana
57%
Kosowo Prisztina
57%
Macedonia Północna Skopje
57%
Albania Tirana
57%
Irlandia Północna Belfast
43%
Walia Cardiff
43%
Czarnogóra Podgorica
43%
Islandia Rejkiawik
43%
Naddniestrze Tyraspol
43%
Wyspa Man Douglas
29%
Wyspy Owcze Torshavn
14%
Nie znaleziono quizów pasujących do podanych kryteriów
Rozkład punktacji
Procent ludzi z każdym wynikiem
Percentyl według liczby udzielonych odpowiedzi
Twoja historia wyników
Nie rozwiązałeś tego quizu od ostatniego zresetowania